| 000 | 00638nam a22001937a 4500 | ||
|---|---|---|---|
| 003 | NUST-PNEC | ||
| 005 | 20170116180717.0 | ||
| 008 | 141021b xxu||||| |||| 00| 0 eng d | ||
| 020 | _a0340574941 | ||
| 040 | _cPNEC | ||
| 082 | _a428 PHY | ||
| 100 |
_9728 _aPhythian, B. A. |
||
| 245 |
_aA concise dictionary of English idioms _cB. A. Phythian |
||
| 260 |
_aLondon : _b Hodder & Stoughton, _c 1993. |
||
| 300 |
_a323 p. ; _c 20 cm. |
||
| 500 | _ahttp://www.amazon.com/Concise-Dictionary-English-Idioms-Yourself/dp/0340574941/ref=sr_1_1?s=books&ie=UTF8&qid=1413881490&sr=1-1&keywords=0340574941 | ||
| 650 | _xGeneral | ||
| 942 |
_2ddc _cBK |
||
| 999 |
_c61207 _d61207 |
||